The GVA Birmingham real estate ownership survey (Record no. 83912)

MARC details
000 -LEADER
fixed length control field 01329cad a22002175a 4500
001 - CONTROL NUMBER
control field L155728
008 - FIXED-LENGTH DATA ELEMENTS--GENERAL INFORMATION
fixed length control field 120411s2012 xxk 000 0 eng d
035 ## - SYSTEM CONTROL NUMBER
System control number (Sirsi) u155728
041 0# - LANGUAGE CODE
Language code of text/sound track or separate title eng
110 2# - MAIN ENTRY--CORPORATE NAME
Corporate name or jurisdiction name as entry element GVA
9 (RLIN) 5945
245 04 - TITLE STATEMENT
Title The GVA Birmingham real estate ownership survey
Remainder of title Spring 2012
Medium [electronic resource]
260 ## - PUBLICATION, DISTRIBUTION, ETC.
Place of publication, distribution, etc. London
Name of publisher, distributor, etc. GVA
Date of publication, distribution, etc. 2012
490 #0 - SERIES STATEMENT
Series statement GVA Birmingham Real Estate Ownership Survey
Volume/sequential designation Spring 2012
520 ## - SUMMARY, ETC.
Summary, etc. Analysis of the ownership of all major office and retail properties in Birmingham's recognised central business district covering almost 15m sq ft of office and retail property (71% offices, 29% retail). Provides a unique insight into the profile of the city's ownership profile.
520 ## - SUMMARY, ETC.
Summary, etc. Who owns Birmingham?: ownership by nationality - sectoral ownership - office stock by grade - rates of churn. Birmingham city centre occupier market overview: the office market - the retail market - transport infrastructure enhancements. Commercial property investment market overview:UK investment market trends - the Birmingham retail investment market - the Birmingham office investment - conclusions.
590 ## - LOCAL NOTE (RLIN)
Local note KA
651 #4 - SUBJECT ADDED ENTRY--GEOGRAPHIC NAME
Geographic name Birmingham
690 ## - LOCAL SUBJECT ADDED ENTRY--TOPICAL TERM (OCLC, RLIN)
Topical term or geographic name as entry element Commercial property
9 (RLIN) 6227
856 40 - ELECTRONIC LOCATION AND ACCESS
Uniform Resource Identifier <a href="https://www.gva.co.uk/research/investment/">https://www.gva.co.uk/research/investment/</a>
Public note View the survey at www.gva.co.uk
942 ## - ADDED ENTRY ELEMENTS (KOHA)
Suppress in OPAC 0
Holdings
Withdrawn status Lost status Source of classification or shelving scheme Damaged status Not for loan Home library Current library Shelving location Date acquired Total Checkouts Full call number Barcode Date last seen Copy number Price effective from Koha item type
    Dewey Decimal Classification     Virtual Virtual Online 11/04/2012   ONLINE PUBLICATION 155728-2001 06/08/2019 1 06/08/2019 Book